[Event "Titled Tuesday intern op 03rd Jan Late"]
[Site "Chess.com INT"]
[Date "2023.01.03"]
[Round "10"]
[White "Souza, Adwilhans Luciano"]
[Black "Mendes, Aaron Reeve"]
[Result "1-0"]
[WhiteElo "2335"]
[BlackElo "1989"]
[PlyCount "107"]
[EventDate "2023.01.03"]
[EventType "swiss (blitz)"]
[EventRounds "11"]
[EventCountry "USA"]
[SourceTitle "EXT 2024"]
[Source "ChessBase"]
[SourceDate "2023.10.10"]
[SourceVersion "1"]
[SourceVersionDate "2023.10.10"]
[SourceQuality "1"]

1. e4 c5 2. Nf3 d6 3. d4 cxd4 4. Nxd4 Nf6 5. Nc3 a6 6. Rg1 e5 7. Nb3 Be7 8. g4 Be6 9. g5 Nfd7 10. Be3 Nc6 11. Qd2 b5 12. 0-0-0 Nc5 13. Kb1 Qc7 14. f4 exf4 15. Bxf4 Ne5 16. Nd5 Qc6 17. Na5 Qc8 18. Nxe7 Nxe4 19. Nxc8 Nxd2+ 20. Rxd2 Nf3 21. Nxd6+ Ke7 22. Nc6+ Kf8 23. Rg3 Nxd2+ 24. Bxd2 Bd5 25. Nb4 Be6 26. Bd3 Kg8 27. Nf5 a5 28. Nc6 b4 29. Ncd4 Bd5 30. Ne7+ Kf8 31. Nxd5 Rd8 32. Bc4 g6 33. b3 Kg7 34. c3 Rhe8 35. cxb4 axb4 36. Bxb4 h6 37. h4 hxg5 38. hxg5 Rh8 39. Bc3 Rh1+ 40. Kb2 Rh2+ 41. Nc2+ Kg8 42. Rf3 Rf8 43. Nf6+ Kg7 44. Nd7+ Kg8 45. Nxf8 Kxf8 46. Rxf7+ Ke8 47. Rb7 Kf8 48. a4 Rxc2+ 49. Kxc2 Ke8 50. a5 Kd8 51. a6 Kc8 52. Be6+ Kd8 53. a7 Ke8 54. a8Q# 1-0

[Event "Titled Tuesday intern op 03rd Jan Late"]
[Site "Chess.com INT"]
[Date "2023.01.03"]
[Round "7"]
[White "Souza, Adwilhans Luciano"]
[Black "Roebers, Eline"]
[Result "0-1"]
[WhiteElo "2335"]
[BlackElo "2361"]
[PlyCount "70"]
[EventDate "2023.01.03"]
[EventType "swiss (blitz)"]
[EventRounds "11"]
[EventCountry "USA"]
[SourceTitle "EXT 2024"]
[Source "ChessBase"]
[SourceDate "2023.10.10"]
[SourceVersion "1"]
[SourceVersionDate "2023.10.10"]
[SourceQuality "1"]

1. e4 c5 2. Nf3 e6 3. d4 cxd4 4. Nxd4 Nf6 5. Nc3 Nc6 6. Nxc6 bxc6 7. Bd3 d5 8. 0-0 Be7 9. Qf3 0-0 10. Rd1 Rb8 11. b3 Nd7 12. Bf4 Rb6 13. exd5 cxd5 14. Na4 Rb4 15. c4 Bb7 16. Qh3 g6 17. Rac1 Bc6 18. Nc3 d4 19. Ne4 e5 20. Bh6 f5 21. Bxf8 Qxf8 22. Nd2 e4 23. Bf1 d3 24. Nb1 Rb8 25. Nc3 Ba3 26. Rb1 Ne5 27. Nd5 Bxd5 28. cxd5 Bc5 29. Rbc1 Ng4 30. Rxc5 Qxc5 31. Qg3 Rd8 32. h3 Nxf2 33. Qxf2 e3 34. Qh4 e2+ 35. Kh2 Qd6+ 0-1

[Event "Titled Tuesday intern op 03rd Jan Late"]
[Site "Chess.com INT"]
[Date "2023.01.03"]
[Round "4"]
[White "Souza, Adwilhans Luciano"]
[Black "Winterberg, Lukas"]
[Result "0-1"]
[WhiteElo "2335"]
[BlackElo "2402"]
[PlyCount "80"]
[EventDate "2023.01.03"]
[EventType "swiss (blitz)"]
[EventRounds "11"]
[EventCountry "USA"]
[SourceTitle "EXT 2024"]
[Source "ChessBase"]
[SourceDate "2023.10.10"]
[SourceVersion "1"]
[SourceVersionDate "2023.10.10"]
[SourceQuality "1"]

1. e4 e6 2. d3 d5 3. Nd2 c5 4. Ngf3 Nc6 5. g3 g6 6. Bg2 Bg7 7. 0-0 Nge7 8. c3 0-0 9. Qc2 b6 10. Re1 Ba6 11. Nf1 Qc7 12. Bg5 h6 13. Bf4 e5 14. exd5 Nxd5 15. Bd2 Rad8 16. Rad1 Rfe8 17. Bc1 f5 18. Nh4 Kh7 19. Ne3 Nxe3 20. Rxe3 Rd7 21. Qa4 Bb7 22. Rde1 Red8 23. Bf1 Ne7 24. Nf3 Nd5 25. R3e2 Nxc3 26. bxc3 Bxf3 27. Re3 Bc6 28. Qh4 Bb7 29. Rxe5 Bxe5 30. Qxh6+ Kg8 31. Qxg6+ Bg7 32. Re6 Re7 33. Bf4 Rxe6 34. Qxe6+ Qf7 35. Qe3 Qd5 36. f3 Qxf3 37. Qe6+ Kh8 38. Qxf5 Qh1+ 39. Kf2 Qxh2+ 40. Ke1 Bf3 0-1

[Event "Titled Tuesday intern op 03rd Jan Late"]
[Site "Chess.com INT"]
[Date "2023.01.03"]
[Round "6"]
[White "Suvorov, Luca"]
[Black "Souza, Adwilhans Luciano"]
[Result "0-1"]
[WhiteElo "2293"]
[BlackElo "2335"]
[PlyCount "120"]
[EventDate "2023.01.03"]
[EventType "swiss (blitz)"]
[EventRounds "11"]
[EventCountry "USA"]
[SourceTitle "EXT 2024"]
[Source "ChessBase"]
[SourceDate "2023.10.10"]
[SourceVersion "1"]
[SourceVersionDate "2023.10.10"]
[SourceQuality "1"]

1. d4 Nf6 2. c4 c5 3. d5 b5 4. Qc2 d6 5. e4 g6 6. cxb5 a6 7. Nc3 Bg7 8. a4 0-0 9. f3 e6 10. dxe6 Bxe6 11. Bg5 Qa5 12. Nge2 d5 13. Bxf6 Bxf6 14. exd5 Bxd5 15. Rd1 Be6 16. Kf2 axb5 17. axb5 Nd7 18. h4 Ne5 19. Nf4 Bf5 20. Ne4 Bg7 21. Nd5 Bxe4 22. Qxe4 Rfe8 23. Be2 c4 24. Rhe1 Nd3+ 25. Bxd3 Rxe4 26. Bxe4 Rb8 27. b6 Bxb2 28. Kf1 c3 29. Re2 Kg7 30. h5 gxh5 31. Ne3 Qxb6 32. Nf5+ Kf8 33. Rd6 Qb5 34. Rd5 Qc4 35. Rd4 Qb3 36. Bc2 Qb6 37. Rde4 Qf6 38. Re5 h4 39. Ne3 h3 40. Ng4 hxg2+ 41. Kxg2 Qh4 42. Rf5 Rd8 43. Ne5 Rd2 44. Rxd2 cxd2 45. Rxf7+ Kg8 46. Bb3 Kh8 47. Rf8+ Kg7 48. Rf7+ Kh6 49. Ng4+ Kg6 50. Rf6+ Bxf6 51. Nxf6 Kxf6 52. Bc2 Qe1 53. Kh3 d1Q 54. Bxd1 Qxd1 55. Kg3 Qg1+ 56. Kf4 Qg5+ 57. Ke4 h5 58. f4 Qf5+ 59. Kf3 h4 60. Ke3 Qg4 0-1

[Event "Florianopolis op 5th"]
[Site "Florianopolis"]
[Date "2019.01.27"]
[Round "10"]
[White "Starke, Bruno Orlando"]
[Black "Souza, Adwilhans Luciano"]
[Result "1-0"]
[WhiteElo "2170"]
[BlackElo "2368"]
[PlyCount "107"]
[EventDate "2019.01.21"]
[EventType "swiss"]
[EventRounds "10"]
[EventCountry "BRA"]
[SourceTitle "CBM 188 Extra"]
[Source "ChessBase"]
[SourceDate "2019.02.26"]
[SourceVersion "1"]
[SourceVersionDate "2019.02.26"]
[SourceQuality "1"]

1. d4 Nf6 2. c4 g6 3. g3 Bg7 4. Bg2 c5 5. Nf3 0-0 6. 0-0 cxd4 7. Nxd4 Nc6 8. Nc2 d6 9. Nc3 Be6 10. b3 Qd7 11. Bb2 Bh3 12. Ne3 Bxg2 13. Kxg2 Rfd8 14. Qd2 Rab8 15. Rac1 Ne5 16. Rfd1 Neg4 17. Nxg4 Nxg4 18. Nd5 f6 19. Nf4 e6 20. e4 Qe8 21. Qe2 Ne5 22. Rc2 Bf8 23. Rcd2 Kf7 24. h4 Qc6 25. h5 Bh6 26. Ba3 g5 27. Rxd6 gxf4 28. Rxc6 bxc6 29. Rxd8 Rxd8 30. gxf4 Bxf4 31. Qe1 Rg8+ 32. Kf1 Rg1+ 33. Kxg1 Nf3+ 34. Kf1 Nxe1 35. Kxe1 Kg7 36. Bc5 a6 37. Ke2 Be5 38. Be3 f5 39. exf5 exf5 40. Kf3 Kf7 41. Bf4 Bf6 42. Ke3 Ke6 43. Kd3 Be7 44. Bd2 Ke5 45. b4 f4 46. f3 Kf5 47. a4 Kg5 48. b5 cxb5 49. cxb5 axb5 50. axb5 Bd8 51. Ke4 Bc7 52. h6 Bd6 53. b6 Bb8 54. Bc3 1-0

[Event "Florianopolis op 5th"]
[Site "Florianopolis"]
[Date "2019.01.25"]
[Round "7"]
[White "Souza, Adwilhans Luciano"]
[Black "Woichinevski, Joao Vinicius Peruc"]
[Result "1-0"]
[WhiteElo "2368"]
[BlackElo "1528"]
[PlyCount "43"]
[EventDate "2019.01.21"]
[EventType "swiss"]
[EventRounds "10"]
[EventCountry "BRA"]
[SourceTitle "CBM 188 Extra"]
[Source "ChessBase"]
[SourceDate "2019.02.26"]
[SourceVersion "1"]
[SourceVersionDate "2019.02.26"]
[SourceQuality "1"]

1. e4 e5 2. Nf3 Nc6 3. Bb5 a6 4. Bxc6 dxc6 5. 0-0 Bd6 6. d4 f6 7. dxe5 fxe5 8. Nxe5 Ne7 9. Nd3 Ng6 10. f4 0-0 11. Nc3 Qe7 12. Qe1 Bd7 13. e5 Bc5+ 14. Be3 Bxe3+ 15. Qxe3 Nh4 16. Rae1 Nf5 17. Qe4 Rae8 18. g4 Nh6 19. f5 Qh4 20. e6 Nxg4 21. Qf4 Qh5 22. exd7 1-0